000 00527nam a2200193 i 4500
001 18225
003 ES-MaACL
005 20230906151803.0
007 t|
008 010903s1998 sp ||||1| spa d
020 _a84-930060-2-5
080 _a78(07)
100 1 _aPérez Gutiérrez, Mariano.
_990928
245 1 0 _aComprende y ama la música /
_cMariano Pérez Gutiérrez.
250 _a15ª ed.
260 _aMadrid :
_bMusicalis,
_c1998.
300 _a190 p. :
_bil. ;
_c27 cm.
852 _aES-MaACL
_jL-24915
_bR.130145
999 _c18225
_d18225